000 00315nam a22001337a 4500
008 170928b xxu||||| |||| 00| 0 eng d
020 _a9780205737406
041 _aeng
080 _29 ED
_a37
100 _a47
101 _aEDU
245 _aEFFICIENT AND FLEXIBLE READING
_cMCWHORTER.K.T
942 _2udc
_cBK
999 _c30500
_d30500